000 00299nam a22001337a 4500
008 170210b xxu||||| |||| 00| 0 eng d
020 _a9780471233596
041 _aeng
080 _24TH
_a61
100 _a4
101 _aSHM
245 _aQUICK MEDICAL TERMINOLOGY
_cSTEINER, SH.S
942 _2udc
_cBK
999 _c5172
_d5172